Steal My Girl- One Direction (All Lyrics) - Statistics

General Stats
  • This quiz has been taken 112 times
  • The average score is 329 of 391
Answer Stats
Answer % Correct
my
100%
she
98%
(she
98%
when
98%
be
97%
girl
97%
i
97%
me
97%
steal
97%
the
97%
every
95%
her
95%
to
95%
everybody
94%
take
94%
wanna
92%
'cause
90%
sixteen
90%
want
90%
we
90%
were
90%
world
90%
away
89%
belongs
89%
dream
89%
one
89%
in
87%
know
87%
queen
87%
same
87%
since
87%
things
87%
alrIght
85%
(alright)
85%
alright
85%
couple
85%
heart
85%
whole
85%
wide
85%
another
84%
billion
84%
find
84%
so
82%
is
81%
na
81%
love
79%
dreams
77%
dad
76%
son
76%
for
74%
sure
74%
calls
73%
she's
73%
jeans
71%
(oh
71%
mum
69%
those
69%
all
68%
it
66%
yeah)
65%
that
63%
yeah
63%
sun
61%
doesn't
60%
don't
60%
and
58%
got
58%
never
58%
shine
58%
exist
56%
walk
56%
have
55%
knows
55%
turn
55%
if
53%
let
53%
before
52%
drop
52%
from
52%
mean
52%
but
50%
down
48%
jaw
48%
kisses
48%
now
47%
like
42%
i'm
37%
cream
34%
gonna
32%
No matching quizzes found
Score Distribution
Percent of People with Each Score
Percentile by Number Answered
Your Score History
You have not taken this quiz